Elementary statistics : (Record no. 11679)

000 -LEADER
fixed length control field 00672cam a2200193 a 4500
020 ## - INTERNATIONAL STANDARD BOOK NUMBER
ISBN 0471401420 (acidfree paper)
040 ## - CATALOGING SOURCE
Transcribing agency BGU
082 ## - DEWEY DECIMAL CLASSIFICATION NUMBER
Classification number 519 JOH 2003 A029 Or.
100 1# - MAIN ENTRY--AUTHOR NAME
Personal name Pelosi, Marilyn K.
245 10 - TITLE STATEMENT
Title Elementary statistics :
Remainder of title from discovery to decision /
260 ## - PUBLICATION, DISTRIBUTION, ETC. (IMPRINT)
Place of publication Hoboken, NJ :
Name of publisher John Wiley & Sons,
Year of publication c2003.
300 ## - PHYSICAL DESCRIPTION
Number of Pages 1 v. (various pagings) :
Other physical details ill. (some col.) ;
Dimensions 29 cm. +
Accompanying material 1 CD-ROM (4 3/4 in.)
500 ## - GENERAL NOTE
General note Includes index.
650 #0 - SUBJECT ADDED ENTRY--TOPICAL TERM
Topical Term Statistics.
700 1# - ADDED ENTRY--PERSONAL NAME
Personal name Sandifer, Theresa M.
856 42 - ELECTRONIC LOCATION AND ACCESS
Uniform Resource Identifier http://www.loc.gov/catdir/bios/wiley042/2003271891.html
856 41 - ELECTRONIC LOCATION AND ACCESS
Uniform Resource Identifier http://www.loc.gov/catdir/toc/wiley032/2003271891.html
942 ## - ADDED ENTRY ELEMENTS (KOHA)
Koha item type សៀវភៅភាសាអង់គ្លេស
952 ## - LOCATION AND ITEM INFORMATION (KOHA)
Withdrawn status [LOCAL, KOHA] 0
Holdings
Permanent Location Date acquired Koha item type Lost status Shelving location Barcode Current Location Full call number
Library Block A2017-08-04សៀវភៅភាសាអង់គ្លេស A029A13464Library Block A519 JOH 2003 A029 Or.
មជ្ឈមណ្ឌលឯការនៃសាកលវិទ្យាល័យភូមិន្ទកសិកម្មចំការដូង

Powered by Koha